000 00651nam a2200301Ia 4500
005 20260401122141.0
008 008 250103s9999 xx 000 0 eng d
020 _a745617913
037 _aTB
040 _aEDL
040 _beng
040 _cEDL
041 _2eng
041 _aeng
084 _a303.42 BAU
084 _qEDL
100 _aBauman, Zygmunt
245 0 _aPostmodernity and its Discontents
245 0 _cBauman, Zygmunt
260 _aCambridge
260 _bPolity Press
260 _c1997
300 _a221p
942 _cTB
942 _h303.42 BAU
999 _c1845270
_d1845270